Practicidad de una doctrina política de inspiración cristiana
Uloženo v:
| Hlavní autor: | |
|---|---|
| Médium: | Kniha |
| Jazyk: | španělština |
| Vydáno: |
Santiago
Instituto Chileno de Estudios Humanísticos
1982
|
| Témata: | |
| Tagy: |
Přidat tag
Žádné tagy, Buďte první, kdo vytvoří štítek k tomuto záznamu!
|
MARC
| LEADER | 00000nam a2200000 a 4500 | ||
|---|---|---|---|
| 001 | UCY0160 | ||
| 003 | CL-VaPUC | ||
| 008 | 940714e19820000CL |||||||||||||||||spa|d | ||
| 082 | 0 | 4 | |a 320.01 |b MOR |2 21 |
| 100 | |a Moreno Valencia, Fernando |e autor |9 503994 | ||
| 245 | 1 | 0 | |a Practicidad de una doctrina política de inspiración cristiana |
| 300 | |a 102 p | ||
| 942 | |c BK | ||
| 945 | |d 19940714 00:00:00 |a rbrito | ||
| 260 | |a Santiago |b Instituto Chileno de Estudios Humanísticos |c 1982 | ||
| 650 | 7 | |a FILOSOFIA POLITICA |2 CL-VaPUC |9 327792 | |
| 583 | |a last modification |c 20121001 12:40:21 |k Rodrigo Vera | ||
| 999 | |c 229242 |d 229240 | ||
| 952 | |0 0 |1 0 |4 0 |6 320_010000000000000_MOR_1982 |7 0 |8 A |9 230112 |a BIBDER |b BIBDER |d 2019-11-15 |i 2988747 |o 320.01 MOR 1982 |p 2988747 |r 2023-01-25 |w 2019-11-15 |y BK |k DER | ||